Quizzes
Events
Quiz Creation
Community
Videos
Private Events
Remove Ads
Sign In
Join for FREE
Feedback
Dark Mode
Quiz Categories
Sports
Geography
Music
Movies
Television
Just For Fun
Miscellaneous
History
Literature
Language
Science
Gaming
Entertainment
Religion
Holiday
For Kids
Quiz Lab
Recent
Popular Today
Quiz Kudos Today
Editor Picks
Curator Picks
Quizzes by...
Day
Popularity
Type
Ratings
Length
Year
Community
Subscriptions
Recent Discussions
Orange Saloon
Badges
Playlists
Quests
Create
Leaderboards
Showdown
Live 5
Trivia Bingo
Activity
Puzzle Library
Sporcle Events
Private Events
Virtual Trivia
Globe League
Become a Host
Pub Owners
SporcleCon
Opinionation
Our Games
Videos
Blog
Mobile Apps
Partnerships
Remove Ads and Go Orange
Feedback
Geography
Country
Landmarks
City
State
Population
World
Capital
Continent
Flags
Europe
Africa
Asia
South America
North America
Oceania
Border
Canada
United Kingdom
Topography
United States
Geography
Country
Landmarks
City
State
Population
World
Capital
Continent
Flags
Europe
Africa
Asia
South America
North America
Oceania
Border
Canada
United Kingdom
Topography
United States
Random Quiz
Search Sporcle
×
Quiz Lab
Quiz Lab
Geography
tea
Type answers that appear on an image
Type answers that appear on an image
Map
Best Score? Go Orange.
Texas Natural & Historic Sites Stats
Can you name the Natural & Historic Sites of Texas?
By
desolatefox
10m
21 Questions
5 Plays
5 Plays
5 Plays
Comments
Comments
Give Quiz Kudos
Give Quiz Kudos
-
- Ratings
hide this ad
More Info
Replay
Link that replays current quiz
Next Quiz
Link to next quiz in quiz playlist
You Got
0%
They Got
Avg Score
9%
Avg Friend Score
Upgrade to see
Score Distribution
Jump to the score distribution portion of the page
Score
0/21
Timer
10:00
0
Plays Today
% Correct
Enchanted Rock
60%
Lyndon B. Johnson
40%
Devils River
20%
Government Canyon
20%
Hill Country
20%
Lost Maples
20%
Washington-on-the-Brazos
20%
Battleship Texas
0%
Devil's Sinkhole
0%
Fanthorp Inn
0%
Fort Leaton
0%
% Correct
Fort RIchardson
0%
Goliad
0%
Hueco Tanks
0%
Lipantitlan
0%
Mission Rosario
0%
Monument Hill & Kreische Brewery
0%
Port Isabel Lighthouse
0%
San Jacinto Battleground
0%
Seminole Canyon
0%
Zaragoza Birthplace
0%
Quiz Playlist
Details
Report
Send in Message
Add To Playlist
More Info:
Only Natural areas and Historic sites have been included in this quiz; State parks have been excluded, except those also listed as Historic sites.
Map:
Type answers that appear on an image
Quiz Source
Last Updated: Feb 16, 2017
Quiz Scoreboard
CHALLENGE
Sign Up to Join the Scoreboard
Show All
Scores
Hide
Comments
May contain spoilers
Recently Published
An Introduction to Baseball
by treessimontrees
Sports
5m
Movies - When Are They Set?
by FPL_Elf
Movies
5m
Popular People in 1961
by mucciniale
History
6m
More to Explore
Quiz From the Vault
Featured Blog Post
Where Did the Easter Bunny Come From?
hide this ad
You Might Also Like...
Tags
natural
site
tea
Today's Top Quizzes in Geography
Browse Geography
hide this ad
Today's Top Quizzes in tea
Browse tea
Top Contributed Quizzes in Geography
1
Countries of the World - No Outlines Minefield
2
Top 25 Cities of France on a map
3
Closest Countries to UK A-Z
4
Any capital of a 'B' country per Continent
5
One Thing in Common: United Kingdom
6
Find the Provinces of Canada - No Outlines Minefield
7
Any capital of a 'C' country per Continent
8
Blind Secret Country CLXXXVIII
9
Find the US States - No Outlines
10
Any capital of a 'D' country per Continent
Explore More
Trending Topics
NBA
Crossword
Kpop
Marvel
Anime
Harry Potter
Disney
NFL
Puzzle
Soccer
Song
The Office
Country
Pokémon
WWE
hide this ad
More By:
desolatefox
Quiz
Plays
Rating
Category
Featured
Created
Avengers Snark
139
1.00
Movies
Jul 18, 2015
Word Ladder: Cat-ified
122
1.71
Science
Jan 9, 2016
CFA Cat Breeds
61
2.33
Science
Oct 21, 2015
Word Ladder: From 3 letters to 5
58
3.60
Miscellaneous
Jan 10, 2016
Texas State Parks
41
Geography
May 14, 2016
Go to Creator's Profile
Score Distribution
Quiz Creator Spotlight
desolatefox
Follow
Send a Message
Quizzes Created
-
Created Quiz Play Count
-
More By This Creator
Popular Quizzes Today
1
Find the Countries of Europe - No Outlines Minefield
2
Find the US States - No Outlines Minefield
3
The Countries of the World
4
Popular People in 1961
5
US States
6
Find the US States
7
1-10 Letter E Words III
8
Risky Map Clicking: Biggest States A-Z
More Geography Quizzes
Cover the Alphabet - Oceanian Countries
Published
Trending Quizzes
Risky Map Clicking: Least Populous States A-Z
1-10 Letter F Words
1-10 Letter G Words
One Thing in Common: United Kingdom
Not Quite an Element Typing Challenge
Recently Updated
Leaping Animals
pecheneg
Reality TV Shows (A-Z)
bhenderson79
Rickey Henderson's Hall of Fame Teammates
pecheneg
Champions League XIs: Arsenal
pecheneg
Quick Pick: Celebrities in WWE's Hall of Fame
aduchscher
A-Z Keypad Blitz II
pecheneg
Multiple Oscar Actors
pecheneg
Mystery Phrase Blitz: Oscar 'Best Actors'
pecheneg
F. Scott Fitzgerald Novels
LTH
Pick 3 Villains
ddd62291
Trending Topics
Marvel
NBA
Crossword
Harry Potter
Kpop
Disney
Anime
Puzzle
Song
Country
NFL
WWE
Soccer
The Office
Pokémon
Your Account Isn't Verified!
In order to create a playlist on Sporcle, you need to verify the email address you used during registration. Go to your
Sporcle Settings
to finish the process.
Report this User
Report this user for behavior that violates our
Community Guidelines
.
Details:
Send Report
Go to the Sporcle.com Mobile Site →
Comments